Statistics for All countries starting with "M"- Map Quiz (official English spelling)

Click here to take the quiz!

General Stats

  • This quiz has been taken 189 times
  • The average score is 15 of 17

Answers on the Map

Answers color-coded by a green-red scale on the quiz's map according to % correct below.
 

Answer Stats

Answer% Correct
Mexico
94%
Mali
90%
Mauritania
89%
Mongolia
89%
Madagascar
88%
Mauritius
88%
Morocco
88%
Malaysia
86%
Monaco
86%
Myanmar
86%
Moldova
85%
Maldives
84%
Malta
84%
Mozambique
84%
Montenegro
82%
Malawi
81%
Marshall Islands
71%

Score Distribution

Percentile by Number Answered

Percent of People with Each Score

Your Score History

You have not taken this quiz